L. Coelii Lactantii Firmiani Diuinaru Institutionum Lib. VII. De Ira Dei Liber I. De Opificio Dei Liber I. Epitome in libros suos, Liber acephalvs Carmen de Pheonice, Resurrectione dominica, Passione Domini

Podrobná bibliografia
Hlavný autor: Lactantius, Lucius Coelius Firmianus, asi 245-asi 323 (Autor)
Korporatívny autor: Tournes, Jean de I. - Gazeau, Guillaume (Lyon, Francúzsko) (Tlačiar)
Ďalší autori: Fascitelli, Onorato (Editor), Gazeau, Guillaume, 16. storočie (Tlačiar), Tournes, Jean de I., 1504-1564 (Tlačiar)
Médium: Kniha
Jazyk:latinčina
Fyzický popis:787, [41] zachovaných strán 13 cm
Vydavateľské údaje: Lvgdvni Apvd Ioannem Tornaesium, et Gul. Gazeium M.D.LVI. [=1556]
Predmet:

MARC

LEADER 00000cam a2200000 a 4500
001 vtls008863544
003 SK-MaSNL
005 20260301092126.0
008 240226s1556 fr a lat
015 |a SNBHFA1556 
035 |a urn:nbn:sk:snk-am00ik5d 
035 |a FAC228E7-AA73-40BA-A22C-8033B73A8979 
040 |a SNKHFA  |b slo  |c SNKHFA  |e AACR2 
041 0 |a lat 
044 |a fr  |c FR 
072 7 |a 2-1  |x Prirodzená teológia. Náboženská filozofia  |2 konspekt 
080 |a 2-1  |2 2011 
100 1 |a Lactantius, Lucius Coelius Firmianus,  |d asi 245-asi 323  |4 aut  |9 128748 
245 1 |a L. Coelii Lactantii Firmiani Diuinaru Institutionum Lib. VII. De Ira Dei Liber I. De Opificio Dei Liber I. Epitome in libros suos, Liber acephalvs  |b Carmen de Pheonice, Resurrectione dominica, Passione Domini  |c Omnia ex castigatione Honorati Fasitelij Veneti pristinae integritate restituta 
260 |a Lvgdvni  |b Apvd Ioannem Tornaesium, et Gul. Gazeium  |c M.D.LVI. [=1556] 
300 |a 787, [41] zachovaných strán  |c 13 cm 
500 |a Iniciálky s figurálnym pozadím v rámčeku na 5, 6 riadkov, titulný list v drevorezovom ráme s ornamentálnou výzdobou 
510 0 |a Adams  |c L/26 
561 |a Proveniencia: Banjaminus Koroda possidet. - Pečiatka Museálna Slovenská Spoločnosť.  |5 SNK IE 5229 
562 |a Defekt ný exemplár, chýba koniec textu.  |5 SNK IE 5229 
563 |a Väzba: reštaurovaná.  |5 SNK IE 5229 
650 0 7 |a teológia  |2 SNKPH  |9 1814 
700 1 |a Fascitelli, Onorato  |4 edt  |9 396779 
700 1 |a Gazeau, Guillaume,  |d 16. storočie  |4 prt  |9 127821 
700 1 |a Koroda, Benjamin  |4 fmo  |9 422478 
700 1 |a Tournes, Jean de  |b I.,  |d 1504-1564  |4 prt  |9 131001 
710 0 |a Tournes, Jean de I. - Gazeau, Guillaume (Lyon, Francúzsko)  |4 prt  |9 208996 
710 2 |a Muzeálna slovenská spoločnosť (Martin, Slovensko)  |4 fmo  |9 33033 
752 |a Francúzsko  |d Lyon 
852 |a Slovenská národná knižnica  |b Historické fondy 
852 |a snk  |b Historické fondy  |p IE 5229 
958 |a DA 
958 |a ONDV 
999 |c 673049  |d 674979 
952 |t Tlače 16. stor.  |a SNK  |b SNK  |c SNK_HF  |y PREZ  |7 0  |p 17A1394764  |o snkIE 5229  |i snkF 3213/73  |8 5  |0 0  |1 0  |4 0  |d 2019-12-17  |f 1  |l 0  |r 2026-02-23 19:32:37  |w 2026-02-23